[Event "Sao Jose dos Campos op"]
[Site "Sao Jose dos Campos"]
[Date "2023.05.26"]
[Round "1"]
[White "Mendes, Larissa Stephanie A"]
[Black "Vieira, Jose Renato Braga S"]
[Result "0-1"]
[WhiteElo "1380"]
[BlackElo "1819"]
[PlyCount "62"]
[EventDate "2023.05.26"]
[EventType "swiss"]
[EventRounds "5"]
[EventCountry "BRA"]
[SourceTitle "CBM 214 Extra"]
[Source "ChessBase"]
[SourceDate "2023.07.31"]
[SourceVersion "1"]
[SourceVersionDate "2023.07.31"]
[SourceQuality "1"]

1. e4 c5 2. Nf3 d6 3. d4 cxd4 4. Qxd4 Nc6 5. Bb5 Bd7 6. Bxc6 Bxc6 7. Nc3 Nf6 8. 0-0 e6 9. Re1 Be7 10. b4 a6 11. a4 0-0 12. h3 Qc7 13. Be3 Rac8 14. Rec1 Nd7 15. b5 Bf6 16. Qc4 Bxb5 17. Qxc7 Rxc7 18. axb5 Bxc3 19. Rab1 Rfc8 20. Rb3 a5 21. Bd4 Bxd4 22. Nxd4 Rc4 23. Rd3 Nc5 24. Rdd1 Nxe4 25. Nb3 Rxc2 26. Rxc2 Rxc2 27. Nxa5 d5 28. Nxb7 Rb2 29. Ra1 g6 30. Ra8+ Kg7 31. Ra7 Rxf2 0-1

[Event "Sao Jose dos Campos op"]
[Site "Sao Jose dos Campos"]
[Date "2022.09.10"]
[Round "4"]
[White "Mendes, Larissa Stephanie A"]
[Black "Cunha, Jose Rodolfo Stutz"]
[Result "0-1"]
[WhiteElo "1431"]
[BlackElo "1664"]
[PlyCount "114"]
[EventDate "2022.09.08"]
[EventType "swiss"]
[EventRounds "7"]
[EventCountry "BRA"]
[SourceTitle "CBM 210 Extra"]
[Source "ChessBase"]
[SourceDate "2022.11.30"]
[SourceVersion "1"]
[SourceVersionDate "2022.11.30"]
[SourceQuality "1"]

1. e4 c5 2. Nf3 d6 3. d4 cxd4 4. Nxd4 Nf6 5. Nc3 a6 6. h3 e5 7. Nf3 Be6 8. Bd3 Be7 9. Be3 Nbd7 10. Ng5 d5 11. Nxe6 fxe6 12. exd5 exd5 13. Bd2 b5 14. Nxd5 Nxd5 15. Be4 N7f6 16. Qf3 Nxe4 17. Qxe4 Nf6 18. Qxe5 0-0 19. 0-0-0 Qd6 20. f4 Qxe5 21. fxe5 Ne4 22. Be3 Bg5 23. Rde1 Bxe3+ 24. Rxe3 Ng5 25. e6 Rfe8 26. e7 Ra7 27. Rhe1 h6 28. h4 Nh7 29. g4 Nf6 30. g5 Nd5 31. Rg3 Raxe7 32. Rd1 Nf4 33. Kb1 Re1 34. Rg1 Rxg1 35. Rxg1 hxg5 36. hxg5 g6 37. b3 Nh3 38. Rg3 Nf4 39. Rc3 Re5 40. Rc8+ Kf7 41. Ra8 Re6 42. Rh8 Ke7 43. Kc1 Kd6 44. Kd2 Ke5 45. Rh1 Kf5 46. Rg1 Nh3 47. Rg2 Nxg5 48. Kc3 Ne4+ 49. Kb4 g5 50. c4 bxc4 51. Kxc4 Re5 52. a4 g4 53. b4 Kf4 54. b5 axb5+ 55. axb5 Kf3 56. Rxg4 Kxg4 57. b6 Nd6+ 0-1

[Event "Sao Jose dos Campos op"]
[Site "Sao Jose dos Campos"]
[Date "2022.09.09"]
[Round "3"]
[White "Ferreira, Wagner Maria Gangin"]
[Black "Mendes, Larissa Stephanie A"]
[Result "0-1"]
[WhiteElo "1177"]
[BlackElo "1431"]
[PlyCount "32"]
[EventDate "2022.09.08"]
[EventType "swiss"]
[EventRounds "7"]
[EventCountry "BRA"]
[SourceTitle "CBM 210 Extra"]
[Source "ChessBase"]
[SourceDate "2022.11.30"]
[SourceVersion "1"]
[SourceVersionDate "2022.11.30"]
[SourceQuality "1"]

1. e4 c5 2. Nf3 Nc6 3. d4 cxd4 4. Nxd4 e5 5. Nf3 Nf6 6. Nc3 Bb4 7. Bd3 d5 8. 0-0 Bxc3 9. bxc3 dxe4 10. Bb5 exf3 11. Qxd8+ Kxd8 12. gxf3 a6 13. Bxc6 bxc6 14. Re1 Nd7 15. c4 Bb7 16. f4 Re8 0-1

[Event "Sao Jose dos Campos op"]
[Site "Sao Jose dos Campos"]
[Date "2022.09.09"]
[Round "2"]
[White "Mendes, Larissa Stephanie A"]
[Black "Ikejiri, Daniel Yoshito"]
[Result "0-1"]
[WhiteElo "1431"]
[BlackElo "1959"]
[PlyCount "66"]
[EventDate "2022.09.08"]
[EventType "swiss"]
[EventRounds "7"]
[EventCountry "BRA"]
[SourceTitle "CBM 210 Extra"]
[Source "ChessBase"]
[SourceDate "2022.11.30"]
[SourceVersion "1"]
[SourceVersionDate "2022.11.30"]
[SourceQuality "1"]

1. e4 c5 2. Nf3 Nc6 3. Nc3 g6 4. d4 cxd4 5. Nxd4 Bg7 6. Be3 Nf6 7. a3 0-0 8. Bd3 d5 9. exd5 Nxd5 10. Be2 Nxe3 11. fxe3 Nxd4 12. exd4 Bxd4 13. Qd3 e5 14. 0-0-0 Bf5 15. Qf3 Qb6 16. Nb5 Be3+ 17. Kb1 Rfd8 18. Rd6 Rxd6 19. Nxd6 Bd4 20. Nc4 Qc7 21. Kc1 Rc8 22. c3 Bc5 23. g4 Be6 24. Rf1 Be7 25. Nd2 Bg5 26. h4 Bxd2+ 27. Kxd2 Rd8+ 28. Kc1 Qb6 29. Qf6 Qe3+ 30. Kb1 Rd2 31. Bb5 Qe4+ 32. Ka1 Qc2 33. Rb1 Rd1 0-1

[Event "Mombaca op 6th"]
[Site "Mombaca"]
[Date "2022.08.20"]
[Round "3"]
[White "Rodolpho Filho, Joao"]
[Black "Mendes, Larissa Stephanie A"]
[Result "0-1"]
[WhiteElo "1328"]
[BlackElo "1774"]
[PlyCount "66"]
[EventDate "2022.08.19"]
[EventType "swiss"]
[EventRounds "6"]
[EventCountry "BRA"]
[SourceTitle "CBM 210 Extra"]
[Source "ChessBase"]
[SourceDate "2022.11.30"]
[SourceVersion "1"]
[SourceVersionDate "2022.11.30"]
[SourceQuality "1"]

1. e4 c5 2. Nf3 Nc6 3. d4 cxd4 4. Nxd4 e5 5. Nxc6 bxc6 6. Bc4 Nf6 7. Bg5 Be7 8. Nc3 Bb7 9. Bxf6 Bxf6 10. Qd6 Qa5 11. 0-0-0 0-0-0 12. Bxf7 Rhf8 13. Bb3 Bg5+ 14. Kb1 Rf6 15. Qe7 Rg6 16. Qf7 Bh6 17. Rhg1 Rf6 18. Qc4 Ba6 19. Qa4 Qxa4 20. Nxa4 Rxf2 21. c4 Be3 22. Rgf1 Rxg2 23. Rf7 Bd4 24. Rdf1 c5 25. Re7 Bb7 26. Bc2 Rg8 27. a3 Bc6 28. Rff7 Rxh2 29. b4 Rf2 30. Rxg7 Rxg7 31. Rxg7 cxb4 32. axb4 Rf1+ 33. Ka2 Ra1+ 0-1

[Event "Mombaca op 6th"]
[Site "Mombaca"]
[Date "2022.08.19"]
[Round "2"]
[White "Mendes, Larissa Stephanie A"]
[Black "Norte, Gabriel Rocha Das N"]
[Result "0-1"]
[WhiteElo "1774"]
[BlackElo "1467"]
[PlyCount "82"]
[EventDate "2022.08.19"]
[EventType "swiss"]
[EventRounds "6"]
[EventCountry "BRA"]
[SourceTitle "CBM 210 Extra"]
[Source "ChessBase"]
[SourceDate "2022.11.30"]
[SourceVersion "1"]
[SourceVersionDate "2022.11.30"]
[SourceQuality "1"]

1. e4 c5 2. Nf3 e6 3. Nc3 Nc6 4. Be2 d6 5. d4 cxd4 6. Nxd4 Nf6 7. Bb5 Qc7 8. 0-0 Be7 9. Be2 a6 10. f4 0-0 11. Nf3 b5 12. Bd3 Bb7 13. Ne2 d5 14. e5 Ne4 15. Bxe4 dxe4 16. Ng5 Rad8 17. Qe1 Bxg5 18. fxg5 Nxe5 19. Qg3 Qxc2 20. Nf4 Rd1 21. Be3 Rxa1 22. Rxa1 Qxb2 23. Rf1 Qa3 24. Nh5 Nc4 25. Re1 Nxe3 26. Rxe3 Qc1+ 27. Re1 Qc5+ 28. Kh1 Rd8 29. Nf6+ gxf6 30. gxf6+ Kf8 31. Qg7+ Ke8 32. Qg8+ Qf8 33. Qxh7 Rd2 34. h4 e3 35. Kg1 Rxg2+ 36. Kf1 Rf2+ 37. Kg1 Rxf6 38. Kh2 Qd6+ 39. Kh3 Rf3+ 40. Kg4 Rg3+ 41. Kh5 Bf3+ 0-1